00495nam a22001577a 450000500170000001000150001702000260003203500140005803700130007208200100008524500890009526000540018427000660023830000210030470000120032520151102151434.0 aENG-113723 a9789383946051c300.00 aEN- 97255 bDBAD/PUB a780.3 aNucleus music terminology :cedited by Shalinibenhance your subjective word power / aGreater NoidabNucieus Books & Encyclopediac2015 aOffice Add. 2nd Floor, B-31, Packet P3bGreater Noidae201308 a192p.c21cm(pbk) aShalini